Una mujer en soledad: Sor Juana Inés de la Cruz, una excepción en la cultura y la literatura barroca

Shranjeno v:
Bibliografske podrobnosti
Glavni avtor: Puccini, Dario (Author)
Format: Knjiga
Jezik:španščina
Izdano: Ciudad de México Fondo de Cultura Económica 1997
Izdaja:2a. ed
Serija:Sección de Lengua y Estudios Literarios
Teme:
Oznake: Označite
Brez oznak, prvi označite!

MARC

LEADER 00000cam a2200000 a 4500
001 UCR7167
003 CL-VaPUC
008 980514e19970000MX |||||||||||||||||spa|d
020 |a 9681650360 
082 0 4 |a Me861  |b PUC  |2 21 
100 0 |a Puccini, Dario  |e author  |9 408488 
245 1 4 |a Una mujer en soledad: Sor Juana Inés de la Cruz, una excepción en la cultura y la literatura barroca 
250 |a 2a. ed 
300 |a 238 p 
942 |c BK 
945 |d 19980514 00:00:00  |a rbrito 
260 |a Ciudad de México  |b Fondo de Cultura Económica  |c 1997 
600 0 7 |a JUANA INES DE LA CRUZ  |2 CL-VaPUC  |9 268430 
650 0 |a Biografías  |9 255210 
650 0 |a Crítica e interpretación   |9 255042 
583 |a last modification  |c 20130506 02:58:41  |k Rodrigo Vera 
490 0 |a Sección de Lengua y Estudios Literarios 
999 |c 268973  |d 268971 
952 |0 0  |1 0  |4 0  |6 ME_861_000000000000000_PUC_1997  |7 0  |8 A  |9 302532  |a FDOPOS  |b FDOPOS  |d 2019-11-20  |i 3424294  |o Me861 PUC 1997  |p 3424294  |r 2025-01-22  |w 2019-11-20  |y BK  |k MLH 
952 |0 0  |1 0  |4 0  |6 ME_861_000000000000000_PUC_1997  |7 0  |8 A  |9 302533  |a FDOPOS  |b BIBEDU  |d 2019-11-20  |i 4970047  |l 2  |o Me861 PUC 1997  |p 4970047  |r 2025-01-22  |s 2023-10-24  |w 2019-11-20  |y BK  |k DLH